| 000 | 01305namaa2200337 i 4500 | ||
|---|---|---|---|
| 003 | EG-GICUC | ||
| 005 | 20250524141605.0 | ||
| 008 | 250524s1989 ua ||||jr|||| 000 0 ara d | ||
| 017 |
_a88 / 3052 _bدار الكتب والوثائق القومية (مصر) |
||
| 020 | _a9771482149 | ||
| 040 |
_aEG-GiCUC _bara _cEG-GiCUC _dEG-GiCUC _erda |
||
| 082 | 0 | 4 |
_221 _a214.301 _bQ98 |
| 092 | 0 | 4 |
_221 _a214.301 _bQ98 |
| 099 | _a214.301 Q98 1988 | ||
| 100 | 1 |
_aقطب، سيد، _d1906-1966 _eمؤلف. |
|
| 245 | 1 | 2 |
_aالاسلام ومشكلات الحضارة / _cسيد قطب |
| 250 | _aالطبعة التاسعة | ||
| 264 |
_aالقاهرة : _bدار الشروق، _c1988 |
||
| 300 |
_a198 صفحة ؛ _c20 سم _bإيضاحيات، صور، مثيليات ؛ Illustrations |
||
| 336 |
_2rdacontent _atext |
||
| 337 |
_2rdamedia _aUnmediated |
||
| 338 |
_2rdacarrier _avolume |
||
| 504 | _aيشتمل على ارجاعات ببليوجرافية | ||
| 541 |
_aد. / جابر عصفور ؛ _bالقاهرة ؛ _cإهداء ؛ _d2024. |
||
| 650 | 1 | 7 |
_aالاسلام والمجتمع _2qrmak |
| 650 | 1 | 7 |
_aالاجتماع الاسلامى، علم _2qrmak |
| 650 | 1 | 7 |
_aالاسلام والاصلاح الاجتماعى _2qrmak |
| 651 | 1 | _2qrmak | |
| 905 | _aAmira | ||
| 942 |
_2ddc _cBK _e21 _n0 |
||
| 999 |
_c172318 _d172318 |
||